000 00595nam a22002297a 4500
003 UA-OsUOA
001 48295
007 ta
008 20070903b un ||||| |||| 00| 0 ukr d
100 _aПавлов Т.
090 _a82.09
_bП12
942 _cBK
040 _aUA-OsUOA
_bukr
_cUA-OsUOA
_dUA-OsUOA
245 _aПитання теорії та історії літератури
300 _a653 с.
955 _a2
041 _aukr
080 _a82.09
260 _aК.
_c1959
650 7 _a82 Література. Літературознавство
_2UDC
999 _c334404
_d334404